Katalytická príprava éterov glycerolu

Guardado en:
Detalles Bibliográficos
Autor principal: Volkovicsová, Enikő (Autor)
Otros Autores: Mravec, Dušan (Orientador)
Formato: Manuscrito Libro
Lenguaje:eslovaco
Publicado: 2018
Materias:
Acceso en línea:http://is.stuba.sk/zp/portal_zp.pl?podrobnosti=136436
Etiquetas: Agregar Etiqueta
Sin Etiquetas, Sea el primero en etiquetar este registro!

MARC

LEADER 00000ntm a22000003a 4500
001 stuzp67513
003 SK-STU
005 20180602210424.8
007 ta
008 150427s2015----xo-----f-mn---000-0-slo-d
040 |a STU  |b slo 
041 0 |a slo 
100 1 |a Volkovicsová, Enikő  |u 048000  |4 aut  |U FCHPT Fakulta chemickej a potravinárskej technológie  |T FCHPT Ústav organickej chémie, katalýzy a petrochémie  |X 61308  |U C8000  |Y 106  |7 61308 
242 0 1 |a Catalytic preparation of glycerol ethers  |y eng 
245 1 0 |a Katalytická príprava éterov glycerolu 
260 |c 2018 
650 4 |a terc.butylalkohol  |2 slo 
650 4 |a izobutylén  |2 slo 
650 4 |a glycerol  |2 slo 
650 4 |a etanol  |2 slo 
650 4 |a zeolity  |2 slo 
650 4 |a iónomeniče  |2 slo 
650 4 |a glycerol  |2 eng 
650 4 |a ethanol  |2 eng 
650 4 |a tert-butyl alcohol  |2 eng 
650 4 |a ionexchanger  |2 eng 
650 4 |a isobutylene  |2 eng 
650 4 |a zeolites  |2 eng 
700 1 |a Mravec, Dušan  |u 048130  |k Z8  |4 ths  |U FCHPT Ústav organickej chémie, katalýzy a petrochémie  |T FCHPT Oddelenie organickej technológie, katalýzy a ropy  |X 3255  |U C8130  |Y 123  |7 A000003255 
856 4 |u http://is.stuba.sk/zp/portal_zp.pl?podrobnosti=136436